| 000 | 00490nam a22001937a 4500 | ||
|---|---|---|---|
| 005 | 20260410110808.0 | ||
| 008 | 260410b |||||||| |||| 00| 0 eng d | ||
| 037 | _cDSWL | ||
| 040 |
_aDSWL _cDSWL |
||
| 041 | _heng | ||
| 100 | _aShiva, Vandana | ||
| 245 | _aEcofeminism | ||
| 260 |
_aJaipur, _bRawat Publication, _c2010 |
||
| 300 | _a328p | ||
| 365 |
_aINR _b795 |
||
| 700 |
_aMaria Mies _91234607 |
||
| 942 |
_2CC _cTEXL _n0 |
||
| 999 |
_c1848196 _d1848196 |
||